Leyes y decretos promulgados en la provincia de Buenos Aires desde 1810 á 1876 / (Record no. 152828)
[ view plain ]
| 000 -LEADER | |
|---|---|
| campo de control de longitud fija | 01095nam a22002295i 4500 |
| 001 - NÚMERO DE CONTROL | |
| campo de control | 152828 |
| 003 - IDENTIFICADOR DE NÚMERO DE CONTROL | |
| campo de control | ES-MaACL |
| 005 - FECHA Y HORA DE LA ÚLTIMA TRANSACCIÓN | |
| campo de control | 20230906204904.0 |
| 008 - DATOS DE LONGITUD FIJA--INFORMACIÓN GENERAL | |
| campo de control de longitud fija | 040812m18771879ag |||| | spa d |
| 040 ## - FUENTE DE CATALOGACIÓN | |
| Centro catalogador/agencia de origen | CAM |
| Lengua de catalogación | spa |
| Centro/agencia transcriptor | CAM |
| 110 ## - ENTRADA PRINCIPAL--NOMBRE DE ENTIDAD CORPORATIVA | |
| Nombre de entidad corporativa o nombre de jurisdicción como elemento de entrada | Buenos Aires (Argentina, Provincia) |
| 9 (RLIN) | 200700 |
| 240 10 - TÍTULO UNIFORME | |
| Título uniforme | Leyes, etc. |
| 245 10 - MENCIÓN DEL TÍTULO | |
| Título | Leyes y decretos promulgados en la provincia de Buenos Aires desde 1810 á 1876 / |
| Mención de responsabilidad, etc. | recopilados y concordados por Aurelio Prado y Rojas. |
| 260 ## - PUBLICACIÓN, DISTRIBUCIÓN, ETC. | |
| Lugar de publicación, distribución, etc. | Buenos Aires : |
| Nombre del editor, distribuidor, etc. | [s.n.], |
| Fecha de publicación, distribución, etc. | 1877-1879 ( |
| Fabricante | Imprenta del Mercurio) |
| 300 ## - DESCRIPCIÓN FÍSICA | |
| Extensión | 9 v. ; |
| Dimensiones | 25 cm. |
| 594 ## - Nota al título y mención de responsabilidad | |
| Nota al título y mención de responsabilidad | Tit. de antep.: Nueva recopilacion de leyes y decretos de la provincia de Buenos Aires, 1810-1876. |
| 597 ## - NOTA DE DESCRIPCIÓN FÍSICA | |
| NOTA DE DESCRIPCIÓN FÍSICA | T.I: 468, XII p. - T.II: 456, XII p. - T.III: 484, XVII p. - T.IV: 521, XIX p. - T.V: 471, X p. - T.VI: 562, XII p. - T.VII: 443, XII p. - T.VIII: 487, XIV p. - T.IX: 232, CXXIV p. |
| 651 ## - PUNTO DE ACCESO ADICIONAL DE MATERIA--NOMBRE GEOGRÁFICO | |
| Nombre geográfico | Derecho civil- |
| Subdivisión geográfica | Argentina. |
| 9 (RLIN) | 221935 |
| 700 1# - ENTRADA AGREGADA--NOMBRE PERSONAL | |
| Nombre de persona | Prado y Rojas, Aurelio. |
| 9 (RLIN) | 131339 |
| 852 ## - LOCALIZACIÓN | |
| Ubicación | ES-MaACL |
| Número de control de estantería | G-1180-88 |
| Nota libre | -- Enc. hol. |
| -- | -- Ex-libris ms. de Manuel Torres Campos |
| Estatus retirado | Estado de pérdida | Estado de daño | No para préstamo | Colección | Biblioteca de origen | Biblioteca actual | Ubicación en estantería | Fecha de adquisición | Total de préstamos | Signatura topográfica completa | Código de barras | Visto por última vez | Precio de reemplazo | Tipo de ítem Koha |
|---|---|---|---|---|---|---|---|---|---|---|---|---|---|---|
| Libros del s. XIX | Biblioteca del Ateneo de Madrid | Biblioteca del Ateneo de Madrid | Depósito 2 | 17/01/2008 | G-1180-88 | 1159617 | 23/02/2023 | 23/02/2023 | Libro impreso antiguo |
